| 000 | 02495 a2200289 4500 | ||
|---|---|---|---|
| 001 | 43334 | ||
| 005 | 20260407155717.0 | ||
| 008 | 260407a2007 arg spa d | ||
| 003 | AR-UNSa-BCEJYS | ||
| 040 |
_aAR-UNSa-BCEJYS _bspa _cAR-UNSa-BCEJYS |
||
| 080 |
_a330 _xEconomía en general |
||
| 245 | 1 | 0 | _aPrincipios de economía |
| 020 | _a978-84-481-5672-5 | ||
| 250 | _a3a. ed. | ||
| 264 | 1 |
_aMadrid : _bMcGraw-Hill _c2007 |
|
| 300 |
_axlii, 946 p. _c27 cm. |
||
| 505 | _a1. Pensando como un economista - 2. Ventaja comparativa: base de intercambio - 3. Oferta y demanda: introducción - 4. La elasticidad - 5. La demanda: el lado de los beneficios del mercado - 6. La oferta perfectamente competitiva: El lado del coste del mercado - 7. Eficiencia e intercambio - 8. La búsqueda de beneficios y la mano invisible - 9. El comercio internacional - 10. El monopolio y otros tipos de competencia imperfecta - 11. La elección estratégica en el oligopolio, la competencia monopolística y la vida diaria - 12. Externalidades y derechos de propiedad - 13. La economía de la información - 14. Los mercados de trabajo, pobreza y la distribución de la renta - 15. El medio ambiente, la sanidad y la seguridad - 16. Los bienes públicos y la política tributaria - 17. Macroeconomía: Visión panorámica de la economía - 18. Medición de la actividad económica: El PIB y el desempleo - 19. Medición de nivel de precios y de la inflación - 20. El crecimiento económico, la productividad y los niveles de vida - 21. Los trabajadores, los salarios y el desempleo en la economía moderna - 22. El ahorro y la formación de capital - 23. El dinero, los precios y la reserva federal - 24. Los mercados financieros y los movimientos internacionales de capitales - 25. Las fluctuaciones económicas a corto plazo: introducción - 26. El gasto y la producción a corto plazo - 27. La estabilización de la economía: El papel del banco central - 28. La inflación, la oferta agregada y la demanda agregada - 29. La práctica y las dificultades de la política macroeconómica - 30. Los tipos de cambio y la economía abiera | ||
| 041 | _aspa | ||
| 942 | _cBK | ||
| 590 | _aniveau_biblio:m niveau_hierar:0 | ||
| 100 | 1 | _aBernanke, Ben S. | |
| 700 | 1 | _aFrank, Robert H. | |
| 700 | 1 | _aRabasco, María Esther | |
| 700 | 1 | _aKaufman, Roger T. | |
| 700 | 1 | _aCarreón Rodríguez, Víctor G. | |
| 856 | 4 | 1 |
_uhttps://biblioeco.unsa.edu.ar/pmb/images/libros/L126648.jpg _yImagen de portada _qimage/jpeg |
| 999 |
_c3686 _d3686 |
||